The mission and achievement of Jesus : (Record no. 20207)
[ view plain ]
| 000 -LEADER | |
|---|---|
| fixed length control field | 00560nam a2200145 4500 |
| 008 - FIXED-LENGTH DATA ELEMENTS--GENERAL INFORMATION | |
| fixed length control field | 040608s1954 ilu 000 0beng |
| 090 ## - LOCALLY ASSIGNED LC-TYPE CALL NUMBER (OCLC); LOCAL CALL NUMBER (OCLC) | |
| Classification number (OCLC) (R) ; Classification number, CALL (RLIN) (NR) | BT201 |
| Local cutter number (OCLC) ; Book number/undivided call number, CALL (RLIN) | F95m |
| 100 1# - MAIN ENTRY--PERSONAL NAME | |
| Personal name | Fuller, Reginald Horace. |
| 245 14 - TITLE STATEMENT | |
| Title | The mission and achievement of Jesus : |
| Remainder of title | an examination of the presuppositions of New Testament theology. |
| 260 ## - PUBLICATION, DISTRIBUTION, ETC. (IMPRINT) | |
| Place of publication, distribution, etc | Chicago : |
| Name of publisher, distributor, etc | A.R. Allenson, |
| Date of publication, distribution, etc | [1954] |
| 300 ## - PHYSICAL DESCRIPTION | |
| Extent | 128 p. |
| Dimensions | 22 cm. |
| 490 1# - SERIES STATEMENT | |
| Series statement | Studies in Biblical theology, |
| Volume number/sequential designation | no. 12 |
| 600 14 - SUBJECT ADDED ENTRY--PERSONAL NAME | |
| Personal name | Jesus Christ |
| General subdivision | Person and offices. |
| 951 ## - EQUIVALENCE OR CROSS-REFERENCE-GEOGRAPHIC NAME/AREA NAME [OBSOLETE] [CAN/MARC only] | |
| General subdivision | 00028259 |
| 951 ## - EQUIVALENCE OR CROSS-REFERENCE-GEOGRAPHIC NAME/AREA NAME [OBSOLETE] [CAN/MARC only] | |
| -- | 27134 |
| -- | BT201/F95m |
| -- | 070613111359421 |
| -- | 2000-12-21 |
| -- | GC |
| Withdrawn status | Lost status | Damaged status | Not for loan | Home library | Current library | Shelving location | Date acquired | Accession number | Shelving control number | Total Checkouts | Full call number | Barcode | Date last seen | Price effective from | Koha item type |
|---|---|---|---|---|---|---|---|---|---|---|---|---|---|---|---|
| BSOP Library | BSOP Library | GC | 12/21/2000 | 27134 | 127 | BT201/F95m | 00028259 | 02/23/2013 | 02/23/2013 | Books |
